| 000 | 00885nam a2200265Ia 4500 | ||
|---|---|---|---|
| 003 | OSt | ||
| 005 | 20220923231028.0 | ||
| 006 | a|||||r|||| 00| 0 | ||
| 007 | ta | ||
| 008 | 220922b |||||||| |||| 00| 0 pan d | ||
| 020 | _c245 | ||
| 024 | _a354,927 | ||
| 037 |
_b1389, 25/12/2021, H.K. Prakashan _cTextual |
||
| 040 |
_aARTS _cARTS _bpan |
||
| 041 |
_2pan _apan |
||
| 082 | _aO153,3NPA,KQ, R0 | ||
| 100 | _aਪਾ੍ਵਡੇ, ਚੰਦਨ, ਂਚ. | ||
| 245 | 0 | _aਕਾੱਨੀ ਕਿੱਸਾ | |
| 260 |
_aਦਿੱਲੀ _b ਰੀਥਿਕ ਪਬਲਿFਰਅ _c2020 |
||
| 300 |
_a147ਪ੍ਰ0 _ccm. |
||
| 650 | _a ਪੰਜਾਬੀ ਕਹਾਣੀ | ||
| 650 | _aਪੰਜਾਬੀ ਸਾਹਿਤ | ||
| 942 |
_hO153,3NPA,KQ, R0 _cTEXL _2CC |
||
| 999 |
_c388878 _d388878 |
||